000 00356nam a2200145Ia 4500
008 150201s2011 xx 000 0 und d
082 _a616.0757
_bD11G
100 _aGUPTA , ARUN KUMAR
245 _aDIAGNOSTIC RADIOLOGY PAEDIATRIC IMAGING
250 _a2RD
260 _bJAYPEE
_aDELHI
_c2011
300 _a1-539
650 _aRADIOLOGY
942 _2ddc
_cBK
999 _c1664
_d1664